LEADER 01739cam0-2200541---450- 001 990000074900203316 005 20000612 035 $a0007490 035 $aUSA010007490 035 $a(ALEPH)000007490USA01 035 $a0007490 100 $a20000612d1988----|||y0itay0103----ba 101 0 $aEng 102 $aUS 105 $a||||||||001yy 200 1 $aExistence theorems for minimal surfaces of non-zero genus spanning a contour$fFriedrich Tomi and Anthony J. Tromba 210 $aProvidence$cAmerican mathematical society$d1988 215 $a83 p.$d25 cm. 225 2 $aMemoirs of the American mathematical society$v382 410 0$a12001$aMemoirs of the american mathematical society 610 $aGeometria differenziale globale 610 $aSuperfici minimali 676 $a516.363 700 1$aTOMI,$bFriedrich$0753146 701 1$aTROMBA,$bAnthony J.$041852 801 $aIT$bSALBC$gISBD 912 $a990000074900203316 951 $a516.363 TOM$b13850 Ing$c516.363$d00003807 959 $aBK 969 $aTec 979 $c20000914$lUSA01$h1734 979 $c20000919$lUSA01$h1048 979 $c20000919$lUSA01$h1521 979 $c20001019$lUSA01$h1056 979 $c20001019$lUSA01$h1453 979 $c20001019$lUSA01$h1501 979 $c20001019$lUSA01$h1538 979 $c20001024$lUSA01$h1514 979 $c20001027$lUSA01$h1519 979 $c20001027$lUSA01$h1523 979 $c20001110$lUSA01$h1709 979 $c20001124$lUSA01$h1207 979 $c20020403$lUSA01$h1615 979 $aPATRY$b90$c20040406$lUSA01$h1606 996 $aExistence theorems for minimal surfaces of non-zero genus spanning a contour$91515003 997 $aUNISA DB $aUSA01 SYS ID$a7490 LEADER 01353nam 2200361Ia 450 001 996397058203316 005 20200824132907.0 035 $a(CKB)4940000000062096 035 $a(EEBO)2240894134 035 $a(OCoLC)ocm45097798e 035 $a(OCoLC)45097798 035 $a(EXLCZ)994940000000062096 100 $a20000929d1660 uy 0 101 0 $aeng 135 $aurbn||||a|bb| 200 10$aAnalysis$b[electronic resource] $eThe loosing of St. Peters bands; : setting forth the true sense and solution of the covenant in point of conscience so far as it relates to the government of the church by episcopacy. /$fBy John Gauden .. 210 $aLondon, $cPrinted by J. Best, for Andrew Crook, at the Green-Dragon in St. Pauls Church-yard.$d1660 215 $a26, [1] p 300 $aFirst word of title in Greek characters. 300 $a"Books written by Dr. Gauden, and sold by Andrew Crook ..." ([1] p. at end). 300 $aReproduction of original in the Henry E. Huntington Library. 330 $aeebo-0113 606 $aCovenanters$vControversial literature 606 $aEpiscopacy 615 0$aCovenanters 615 0$aEpiscopacy. 700 $aGauden$b John$f1605-1662.$01001132 801 0$bEAE 801 1$bEAE 906 $aBOOK 912 $a996397058203316 996 $aAnalysis$92305114 997 $aUNISA